<?xml version="1.0" encoding="utf-8"?>
<?xml-stylesheet type='text/xsl' href='./oai2.xsl'?>
<OAI-PMH xmlns="http://www.openarchives.org/OAI/2.0/" xmlns:xsi="http://www.w3.org/2001/XMLSchema-instance" xsi:schemaLocation="http://www.openarchives.org/OAI/2.0/ http://www.openarchives.org/OAI/2.0/OAI-PMH.xsd">
  <responseDate>2026-06-04T14:42:29Z</responseDate>
  <request verb="GetRecord" metadataPrefix="marcxml" identifier="record_kuniweb_23719">https://kulturerbe.niedersachsen.de/oai</request>
  <GetRecord>
    <record>
      <header>
        <identifier>record_kuniweb_23719</identifier>
        <datestamp>2026-03-31T19:09:18Z</datestamp>
        <setSpec>slg0116</setSpec>
      </header>
      <metadata>
        <marc:record xmlns:marc="http://www.loc.gov/MARC21/slim" xsi:schemaLocation="http://www.loc.gov/MARC21/slim http://www.loc.gov/standards/marcxml/schema/MARC21slim.xsd">
          <marc:leader>12345nrm  22     uu 4500</marc:leader>
          <marc:controlfield tag="001">23719</marc:controlfield>
          <marc:controlfield tag="003">http://kuniweb.gbv.de</marc:controlfield>
          <marc:controlfield tag="005">2019-05-16T14:20:22</marc:controlfield>
          <marc:controlfield tag="008">|           ||||||||||||||||||||||</marc:controlfield>
          <marc:datafield tag="245" ind1="1" ind2="0">
            <marc:subfield code="a">Feuer und Licht / Laterne</marc:subfield>
          </marc:datafield>
          <marc:datafield tag="655" ind1=" " ind2="7">
            <marc:subfield code="a">Alltagskultur</marc:subfield>
          </marc:datafield>
          <marc:datafield tag="046" ind1=" " ind2=" ">
            <marc:subfield code="k">1720</marc:subfield>
            <marc:subfield code="k">1720 - 1750</marc:subfield>
            <marc:subfield code="l">1750</marc:subfield>
          </marc:datafield>
          <marc:datafield tag="260" ind1=" " ind2=" ">
            <marc:subfield code="g">1720</marc:subfield>
            <marc:subfield code="g">1750</marc:subfield>
            <marc:subfield code="g">1720 - 1750</marc:subfield>
          </marc:datafield>
          <marc:datafield tag="300" ind1=" " ind2=" ">
            <marc:subfield code="a">Höhe: 17 cm
Breite: 6,5 cm (im Quadrat)</marc:subfield>
          </marc:datafield>
          <marc:datafield tag="520" ind1=" " ind2=" ">
            <marc:subfield code="a">kleine Laterne (Handlampe). Auf Bodenplatte aus Eisenblech
Gehäuse aus aufwändig durchbrochenem dünnem Messingblech. Unterteil quaderförmig, Oberteil einziehend kuppelförmig. Obere Spitze offen.  Die Lampe hat drei nach außen gewölbte, grünlichblaue ovale Glasfenster. Die Glasovale sind sorgfältig in umgebördelte Rahmen eingesetzt.
Das Metallgehäuse hat am oberen Teil durchbrochene Verzierungen (Mehrfachbögen und Doppellinien, punziert).
Die Lampe hat einen ohrförmigen Blech-Griff, angelötet. Die Wandung auf der Griffseite trägt Blüten- und Kreismuster, unterteilt von gekreuzten Dreifachlinien (punziert). An der Griffseite innen ein glattes Blech vorgesetzt (zur Hitzereduzierung). 
Auf dem Bodenblech befestigt kleiner runder Ölbehälter auf ringförmigem Fuß, mit Ringgriff und halboffener ringförmig am Ende zugebogenen Tülle. 
Sie steht auf kleinen flachkugeligen Füßchen. Schließe zum Einhaken und Scharniere angelötet. (Stadtmuseum Einbeck)

Verwendungszweck:
Handlampe (Nachtlicht?)</marc:subfield>
          </marc:datafield>
          <marc:datafield tag="650" ind1="1" ind2=" ">
            <marc:subfield code="a">Beleuchtung &gt; Leuchte &gt; Laterne</marc:subfield>
          </marc:datafield>
          <marc:datafield tag="650" ind1="1" ind2=" ">
            <marc:subfield code="a">Gebrauchsgegenstand</marc:subfield>
          </marc:datafield>
          <marc:datafield tag="773" ind1="0" ind2=" ">
            <marc:subfield code="t">Sammlung Feuer und Licht</marc:subfield>
          </marc:datafield>
          <marc:datafield tag="852" ind1=" " ind2=" ">
            <marc:subfield code="a">Stadtmuseum Einbeck</marc:subfield>
          </marc:datafield>
          <marc:datafield tag="" ind1=" " ind2=" ">
            <marc:subfield code="a">Namensnennung - Weitergabe unter gleichen Bedingungen 4.0 International (CC BY-SA 4.0)</marc:subfield>
          </marc:datafield>
        </marc:record>
      </metadata>
    </record>
  </GetRecord>
</OAI-PMH>
